Drapeaux à l’est-timoraise - Statistiques

Statistiques générales
  • Ce quiz a été pris 32 fois
  • Le résultat moyen est 8 sur 14
Statistiques - réponses
Par images Réponse % Correct
Corée du Nord
100%
Mozambique
97%
Allemagne
93%
Brésil
93%
Cuba
79%
São Tomé et Príncipe
72%
Australie
62%
Ukraine
62%
Comores
41%
Guinée Bissau
41%
Roumanie
41%
Portugal
24%
Angola
17%
Guinée équatoriale
10%
Aucun quiz correspondant
Distribution des résultats
% des personnes avec chaque résultat
Percentile par nombre de réponses
Votre historique - résultats
Vous n’avez pas pris ce quiz